Normale Ansicht MARC-Ansicht ISBD

Kirche im Osten (Titelsatznr. 31206)

[ MARC ]
MARC-Details
000 -Satzkennung
Kontrollfeld mit fester Länge 00794nam a22002411cc4500
001 - Kontrollnummer
Kontrollfeld a987694409+Band29
003 - Kontrollnummer Identifier
Kontrollfeld RU-10907106
005 - Datum und Zeit der letzten Transaktion
Kontrollfeld 20221118094106.0
008 - Feld mit fester Länge zur physischen Beschreibung - Allgemeine Angaben
Kontrollfeld mit fester Länge 200716s1986 gw a||| 000u ger d
020 ## - Internationale Standardbuchnummer
Internationale Standardbuchnummer 3525563841
Verknüpfung 3-525-56384-1
035 ## - Systemkontrollnummer
System-Kontrollnummer a987694409
040 ## - Katalogisierungsquelle
Übertragungsstelle RU-10907106
Original-Katalogisierungsstelle RU-10907106
Katalogisierungssprache ger
245 00 - Titel
Titel Kirche im Osten
Zählung des Teils/der Abteilung eines Werkes Band 29
Titel eines Teils/einer Abteilung eines Werkes Band 29/1986
246 12 - Titelvarianten
Hauptsachtitel/Kurztitel Kirche im Osten : Studien zur osteuropäischen Kirchengeschichte und Kirchenkunde. Band 29/1986
Zählung des Teils/der Abteilung eines Werkes Band 29
264 ## - Produktion, Veröffentlichung, Distribution, Herstellung und Urheberrechtsvermerk
Herstellungs-, Veröffentlichungs- Vertriebs-, Erzeugungsort Göttingen :
Produzent, Herausgeber, Distributor, Hersteller Vanderboeck & Ruprecht,
Datum der Herstellung, der Veröffentlichung, des Vertriebs oder des Urheberschutzvermerks 1986
300 ## - Physische Beschreibung
Umfang 242 Seiten : Illustrationen, Karten
650 ## - Nebeneintragung unter einem Schlagwort - Sachschlagwort
Sachschlagwort oder geografischer Name als Eintragungselement Kirche
Koha-Normdatenidentnummer 3841
650 ## - Nebeneintragung unter einem Schlagwort - Sachschlagwort
Sachschlagwort oder geografischer Name als Eintragungselement Orthodoxie
Koha-Normdatenidentnummer 2832
651 ## - Nebeneintragung unter einem Schlagwort - Geografischer Name
Geografischer Name Osteuropa
700 ## - Nebeneintragung - Personenname
Funktionsbezeichnungscode HerausgeberIn
Personenname Hauptmann, Peter
Koha-Normdatenidentnummer 17091
773 08 - Übergeordnete Einheit
Datensatzkontrollnummer a987694409
Zählung und erste Seite Band29
942 ## - Zusätzliche Felder (Koha)
Koha-Medientyp Monographien
Klassifikation oder Aufstellungssystematik Andere/Generische Klassifikation
Exemplare
Ausgeschieden Verloren Klassifikation oder Aufstellungssystematik Beschädigt Nicht entleihbar Heimatbibliothek Aufenthaltsbibliothek Aufstellungsort Erwerbungsdatum Inventarnummer Signatur Barcode Letzte Aktivität Preis gültig von Koha-Medientyp
    Andere/Generische Klassifikation     MWN Osteuropa MWN Osteuropa Lesesaal - 1 16/07/2020 20-01156 W 10 F l Hau 1 (29) E00401080A930BC2 17/07/2020 22/03/2021 Monographien